| 000 | 00356nam a2200121Ia 4500 | ||
|---|---|---|---|
| 008 | 241015s9999 xx 000 0 und d | ||
| 041 | _aeng | ||
| 082 | _a909 SAC | ||
| 100 | _aJeffrey D. Sachs | ||
| 245 | _aThe Ages of Globalization :Geography, Technology, and Institution | ||
| 260 |
_bColumbia University Press _aNew York _c2020 |
||
| 300 | _a260;. P. 23 cm | ||
| 999 |
_c41941 _d41941 |
||